| 000 -LEADER |
| fixed length control field |
01144cam a2200337 a 4500 |
| 001 - CONTROL NUMBER |
| control field |
.b30112527 |
| 003 - CONTROL NUMBER IDENTIFIER |
| control field |
OCoLC |
| 005 - DATE AND TIME OF LATEST TRANSACTION |
| control field |
20230301090638.0 |
| 008 - FIXED-LENGTH DATA ELEMENTS--GENERAL INFORMATION |
| fixed length control field |
050420s2004 enka j 000 f eng d |
| 015 ## - NATIONAL BIBLIOGRAPHY NUMBER |
| National bibliography number |
BA455423 |
| 015 ## - NATIONAL BIBLIOGRAPHY NUMBER |
| National bibliography number |
GBA455423 |
| Source |
bnb |
| 020 ## - INTERNATIONAL STANDARD BOOK NUMBER |
| International Standard Book Number |
9781844281695 (pbk.) |
| 035 ## - SYSTEM CONTROL NUMBER |
| System control number |
(OCoLC)59184116 |
| Canceled/invalid control number |
(OCoLC)56646510 |
| 040 ## - CATALOGING SOURCE |
| Original cataloging agency |
UKV3G |
| Transcribing agency |
UKV3G |
| Modifying agency |
UKM |
| -- |
YDXCP |
| -- |
OCLCG |
| -- |
W2U |
| -- |
UKMGB |
| -- |
CEG |
| -- |
KH8 |
| 042 ## - AUTHENTICATION CODE |
| Authentication code |
nbic |
| 049 ## - LOCAL HOLDINGS (OCLC) |
| Holding library |
CEGA |
| 082 0# - DEWEY DECIMAL CLASSIFICATION NUMBER |
| Classification number |
813.6 REY |
| 100 1# - MAIN ENTRY--PERSONAL NAME |
| Personal name |
Reynolds, Peter, |
| Dates associated with a name |
1961- |
| Relator term |
author |
| 245 14 - TITLE STATEMENT |
| Title |
The dot / |
| Statement of responsibility, etc. |
Peter H. Reynolds. |
| 260 ## - PUBLICATION, DISTRIBUTION, ETC. |
| Place of publication, distribution, etc. |
London ; |
| -- |
Boston, Mass. : |
| Name of publisher, distributor, etc. |
Walker Books, |
| Date of publication, distribution, etc. |
2004. |
| 300 ## - PHYSICAL DESCRIPTION |
| Extent |
[32] p. : |
| Other physical details |
col. ill. ; |
| Dimensions |
23 cm. |
| 500 ## - GENERAL NOTE |
| General note |
Originally published: 2003. |
| 520 ## - SUMMARY, ETC. |
| Summary, etc. |
Vashti believes that she cannot draw, but her art teacher's encouragement leads her to change her mind. |
| 650 #0 - SUBJECT ADDED ENTRY--TOPICAL TERM |
| Topical term or geographic name entry element |
Schools |
| Form subdivision |
Juvenile fiction. |
| 650 #0 - SUBJECT ADDED ENTRY--TOPICAL TERM |
| Topical term or geographic name entry element |
Art |
| Form subdivision |
Juvenile fiction. |
| 650 #0 - SUBJECT ADDED ENTRY--TOPICAL TERM |
| Topical term or geographic name entry element |
Self-confidence |
| Form subdivision |
Juvenile fiction. |
| 655 #0 - INDEX TERM--GENRE/FORM |
| Genre/form data or focus term |
Children's stories |
| Form subdivision |
Pictorial works. |
| 655 #7 - INDEX TERM--GENRE/FORM |
| Genre/form data or focus term |
Children's stories |
| Form subdivision |
Pictorial works. |
| 655 #0 - INDEX TERM--GENRE/FORM |
| Genre/form data or focus term |
Children's stories |
| Form subdivision |
Pictorial works. |
| 942 ## - ADDED ENTRY ELEMENTS (KOHA) |
| Source of classification or shelving scheme |
|
| Koha item type |
Books - Non Ficton |